Southville International School and Colleges
Your cart is empty.
  • Cart
  • Lists
    Public lists Eva Luna New books Lux_list list_1
    Your lists Log in to create your own lists
  • Log in to your account
  • Your cookies
  • Search history
Southville International School and Colleges
  • Advanced search
  • Recent comments
  • Most popular
  • Libraries

Log in to your account

Log in with GOOGLE


If you do not have an external account, but do have a local account, you can still log in:

  1. Home
  2. MARC view: Hidden evidence :
Normal view MARC view ISBD view

Hidden evidence : (Record no. 305436)

[ view plain ]
MARC details
000 -LEADER
fixed length control field 00725nam a2200253Ia 4500
008 - FIXED-LENGTH DATA ELEMENTS--GENERAL INFORMATION
fixed length control field 170203s9999 xx 000 0 und d
020 ## - INTERNATIONAL STANDARD BOOK NUMBER
International Standard Book Number 9781552094839
050 ## - LIBRARY OF CONGRESS CALL NUMBER
Classification number 363.25
050 ## - LIBRARY OF CONGRESS CALL NUMBER
Item number .O97h 2003
100 ## - MAIN ENTRY--PERSONAL NAME
Personal name Owen, David.
245 ## - TITLE STATEMENT
Title Hidden evidence :
245 ## - TITLE STATEMENT
Remainder of title 40 true crimes and how forensic science helped solve them /
245 ## - TITLE STATEMENT
Statement of responsibility, etc [foreword by Thomas T. Noguchi ; preface by Kathe Reichs].
260 ## - PUBLICATION, DISTRIBUTION, ETC. (IMPRINT)
Place of publication, distribution, etc Willowdale, Ont. :
260 ## - PUBLICATION, DISTRIBUTION, ETC. (IMPRINT)
Name of publisher, distributor, etc Firefly Books
260 ## - PUBLICATION, DISTRIBUTION, ETC. (IMPRINT)
Date of publication, distribution, etc 2000
300 ## - PHYSICAL DESCRIPTION
Extent 240 pages :
300 ## - PHYSICAL DESCRIPTION
Other physical details ill. (some col.) ;
300 ## - PHYSICAL DESCRIPTION
Dimensions 25 cm.
500 ## - GENERAL NOTE
General note "A Firefly book"--T.p. verso.
650 ## - SUBJECT ADDED ENTRY--TOPICAL TERM
Topical term or geographic name as entry element Criminal investigation.
650 ## - SUBJECT ADDED ENTRY--TOPICAL TERM
Topical term or geographic name as entry element Forensic sciences.
650 ## - SUBJECT ADDED ENTRY--TOPICAL TERM
General subdivision Crime.

No items available.

Hidden evidence :

APA

Owen D., .Hidden evidence. Willowdale, Ont: .

Chicago

Owen David, .Hidden evidence. Willowdale, Ont: .

Harvard

Owen D., .Hidden evidence. Willowdale, Ont: .

MLA

Owen David, .Willowdale, Ont: . .

  • Print
  • Cite
  • Add to your cart (remove)
  • Save record
    BIBTEX Dublin Core MARCXML MARC (non-Unicode/MARC-8) MARC (Unicode/UTF-8) MARC (Unicode/UTF-8, Standard) MODS (XML) RIS
  • More searches
    Search for this title in:
    Other Libraries (WorldCat) Other Databases (Google Scholar) Online Stores (Bookfinder.com) Open Library (openlibrary.org)

Exporting to Dublin Core...

SOUTHVILLE LIBRARY

Southville International School and Colleges Library

1281 Tropical Ave. Cor. Luxembourg St., BF Homes International, Las Pinas City

Tel. No. 8256374 / 252358 Loc. 117/146

Powered by Koha